| 000 | 00521nam a2200169Ia 4500 | ||
|---|---|---|---|
| 999 |
_c22662 _d22662 |
||
| 003 | OSt | ||
| 005 | 20201224125146.0 | ||
| 008 | 190216s9999||||xx |||||||||||||| ||und|| | ||
| 040 | _coclc | ||
| 082 |
_a297.124 _bABD/H |
||
| 100 |
_a Abdul Hameed, Cheriyamundam _91843 |
||
| 245 | 0 |
_aHadees Samaharam Vol 1 Viswasam / _cCheriyamundam Abdul Hameed |
|
| 260 |
_bYuvatha Books, _aKozhikode: _c2006. |
||
| 300 | _a617p | ||
| 650 | _aIslamic History | ||
| 942 |
_cBK _2ddc _h297.124 _iABD/H _k297.124 _mABD/H |
||